| 000 | 01044nam a2200265Ia 4500 | ||
|---|---|---|---|
| 003 | OSt | ||
| 005 | 20220923211359.0 | ||
| 006 | a|||||r|||| 00| 0 | ||
| 007 | ta | ||
| 008 | 220922b |||||||| |||| 00| 0 hin d | ||
| 020 |
_a9788188933556 (hbk) _c750 |
||
| 024 | _a273,951 | ||
| 037 |
_b23065, 16/08/2013, Kitab Ghar _cTextual |
||
| 040 |
_aARTS _cARTS _bhin |
||
| 041 |
_2hin _ahin |
||
| 082 | _aO152,6M96:g(P), Q1 | ||
| 100 |
_aअनीता नरंेद्र _9156279 |
||
| 245 | 0 | _aनिराला के आलोचनात्मक लेखन में शैलीविज्ञान मान्यताए | |
| 246 | _aNirālā ke ālochanātmak lekhan mean shailīvijnyān mānyatāe | ||
| 260 |
_aदिल्ली _b आशा बुक्स _c2011 |
||
| 300 |
_a448पृ. _ccm. |
||
| 650 |
_aहिन्दी साहित्य _9156264 |
||
| 942 |
_hO152,6M96:g(P), Q1 _cTEXL _2CC |
||
| 999 |
_c298950 _d298950 |
||